000 00266nam a22001217a 4500
008 180912b xxu||||| |||| 00| 0 eng d
041 _aeng
080 _a371
100 _a47
101 _aEDU
245 _aEnglish ROmantic Writers
_cPerkins J
942 _2udc
_cBK
999 _c47698
_d47698